O maior tesouro da humanidade (Record no. 70916)

MARC details
000 -LÍDER
campo de controle de tamanho fixo 00376 a2200157 4500
001 - NÚMERO DE CONTROLE
campo de controle 70916
020 ## - ISBN - INTERNATIONAL STANDARD BOOK NUMBER
ISBN - International Standard Book Number 9788506004166
040 ## - FONTE DA CATALOGAÇÃO
Instituição que transcreveu o registro Anchieta - Itaigara
100 ## - ENTRADA PRINCIPAL--NOME PESSOAL
Nome pessoal Secco, Patríci Engel
240 10 - TÍTULO UNIFORME
Título uniforme O maior tesouro da humanidade
Idioma da obra por
245 10 - TÍTULO
Título O maior tesouro da humanidade
300 ## - DESCRIÇÃO FÍSICA
Extensão 72
362 0# - DATAS DE PUBLICAÇÃO E/OU DESIGNAÇÃO SEQUENCIAL
Datas de publicação e/ou designação sequencial 2012
650 #4 - ASSUNTO--TERMO TÓPICO
Cabeçalho tópico ou nome geográfico Literatura infanto-juvenil
942 ## - ELEMENTOS DE ENTRADA ADICIONADOS (KOHA)
Tipo de material Koha Livros
Holdings
Situação do descarte Situação das perdas Situação física Não pode ser emprestado Biblioteca de origem Biblioteca atual Data de aquisição Total de empréstimos Número de chamada completo Código de barras Data de último acesso Data do preço efetivo Tipo de material Koha
        Canadian School of Niterói - Piratininga Canadian School of Niterói - Piratininga 09/02/2024   SEC A12386 09/02/2024 09/02/2024 Livros
        Colégio São Paulo Colégio São Paulo 21/11/2023   028.5 SEC MAI 4726/ITA 21/11/2023 21/11/2023 Livros
        Colégio São Paulo Colégio São Paulo 21/11/2023   028.5 SEC MAI 4727/ITA 21/11/2023 21/11/2023 Livros
        Colégio São Paulo Colégio São Paulo 21/11/2023   028.5 SEC MAI 4728/ITA 21/11/2023 21/11/2023 Livros
        Colégio São Paulo Colégio São Paulo 22/11/2023   LI 028.5 S444m 6384/CSP 22/11/2023 22/11/2023 Livros